000 00568nam a22001937a 4500
003 OSt
005 20140310182352.0
008 130316t xxu||||| |||| 00| 0 eng d
020 _a0805008020
050 _aPZ 7
_b.G759Re 1983
082 _aGS 823
_bG76r 1983
100 _aGrahame, Kenneth
245 _aThe reluctant dragon /
_cKenneth Grahame ; illustrated by Michael Hague.
260 _a New York :
_b Holt, Rinehart, and Winston,
_c1983
300 _a41 p. ;
_c27 cm.
_bill. col. ;
650 _aFiction
_xdragon
_922225
942 _2lcc
_cBK-GS
999 _c12402
_d12402